000
00322nam a2200145Ia 4500
100
_a
Shah/Keyur
942
_c
BK
654
_a
java 2
245
_a
Gateway to JAVA 2 programmer sun certification
260
_b
Tata Mc Graw hill Ltd.
_c
2002
082
_a
5.133
_b
SHA
300
_a
592
546
_a
ENGLISH
999
_c
20655
_d
20655